| 000 | 00664nam a22001577a 4500 | ||
|---|---|---|---|
| 005 | 20120505130325.0 | ||
| 020 |
_a8173913420 _c00.00 |
||
| 035 | _aB-19315 | ||
| 037 |
_aDPL _bENG |
||
| 245 |
_aExploited children : _bA comprehensive blueprint for child labour rehabilitation / _cedited by M. Koteswara Rao |
||
| 260 |
_aNew Delhi _bKanishka Publishers Distributors _c2000 |
||
| 300 |
_axiii, 416p. _c20 cms. |
||
| 700 |
_aRao, M. Koteswara _946482 |
||
| 942 |
_2ddc _cEN _h331.310954 _mEXP |
||
| 999 |
_c66215 _d66215 |
||